Arte y oficio del teatro /

Alan Ayckbourn, el dramaturgo vivo más representado en los teatros de todo el mundo, muestra en este libro los trucos del oficio, desde consejos sobre cómo escribir (¿por dónde empezar?, ¿cómo continuar?, ¿qué es comedia y cómo escribirla?, ¿qué es tragedia y cómo funciona?), a indicaciones sobre có...

Full description

Bibliographic Details
Main Author: Ayckbourn, Alan 1939-
Format: Libro
Language:Spanish
Published: Barcelona Ma non Troppo 2004
Series:Creación
Subjects:
Online Access:

MARC

LEADER 00000cam a2200000 a 4500
001 020180
003 UAHC_CL
005 20170803121841.0
008 081223s2004 sp 000 spa
020 |a 849622211X 
040 |a UAHC_CL  |c UAHC_CL  |d UAHC_CL 
082 0 4 |a 792.02  |b A974  |2 21 
100 1 |a Ayckbourn, Alan  |d 1939- 
245 1 0 |a Arte y oficio del teatro /  |c Alan Ayckbourn ; traducción de Mercè Sarrias. 
260 |b Ma non Troppo  |a Barcelona  |c 2004 
300 |a 190 p. 
490 0 |a Creación 
520 |a Alan Ayckbourn, el dramaturgo vivo más representado en los teatros de todo el mundo, muestra en este libro los trucos del oficio, desde consejos sobre cómo escribir (¿por dónde empezar?, ¿cómo continuar?, ¿qué es comedia y cómo escribirla?, ¿qué es tragedia y cómo funciona?), a indicaciones sobre cómo dirigir (trabajar con actores y técnicos, cuando escuchar a los otros especialistas, cómo conducir los ensayos). En definitiva, un libro utilísimo escrito en un estilo muy ágil, accesible y lúdico, con abundantes anécdotas y ejemplos para ilustrar el cómo, el cuándo, el dónde y el porqué del arte dramático. 
650 4 |a ACTUACION TEATRAL  |x ENSEÑANZA 
650 4 |a Método (Actuación) 
650 4 |a TEATRO  |x PRODUCCION Y DIRECCION 
650 4 |a DRAMATURGIA 
653 |a ACTUACION TEATRAL 
900 |a 792.02 AYC 
942 |c BK 
952 |0 0  |1 0  |4 0  |6 792_020000000000000_AYC  |7 0  |8 General  |9 40505  |a BS  |b BS  |c General  |d 2017-08-03  |l 11  |m 7  |o 792.02 AYC  |p 1367774  |r 2026-03-16 14:40:11  |s 2026-03-05  |t 1  |w 2017-08-03  |y BK 
999 |c 20180  |d 20180